Modificaciones propuestas al Código de Ética de la IFAC respecto de los Conflictos de Interés (Registro nro. 9520)
[ vista simple ]
| 000 -LEADER | |
|---|---|
| fixed length control field | 00430 a2200121 4500 |
| 001 - CONTROL NUMBER | |
| control field | ART_9450 |
| 005 - DATE AND TIME OF LATEST TRANSACTION | |
| control field | 20260410161559.0 |
| 008 - FIXED-LENGTH DATA ELEMENTS--GENERAL INFORMATION | |
| fixed length control field | 260409a |
| 100 1# - MAIN ENTRY--PERSONAL NAME | |
| Personal name | Subelet, María Cecilia |
| 245 10 - TITLE STATEMENT | |
| Title | Modificaciones propuestas al Código de Ética de la IFAC respecto de los Conflictos de Interés |
| 700 1# - ADDED ENTRY--PERSONAL NAME | |
| Personal name | Subelet, Carlos Javier |
| 773 0# - HOST ITEM ENTRY | |
| Title | Profesional & Empresaria |
| Related parts | - Año XIII, Nº 156 (sep. 2012) |
| Record control number | REV70 |
No hay ítems disponibles.